Código Civil: anotaciones y concordancias, índice temático, títulos de artículos del cuerpo del código y de las normas del apéndice

Guardat en:
Dades bibliogràfiques
Autor corporatiu: Chile
Altres autors: Barrientos Grandón, Javier Orlando (Director)
Format: Llibre
Idioma:espanyol
Publicat: Santiago, Chile: Legal Publishing, 2017
Edició:Decimoséptima edición.
Col·lecció:Colección 2017
Matèries:
Etiquetes: Afegir etiqueta
Sense etiquetes, Sigues el primer a etiquetar aquest registre!

MARC

LEADER 00000cam a2200000 a 4500
001 UCD7662
003 CL-VaPUC
005 20250416110212.0
008 170331e20170109cl |||||||||||||||||spa|d
999 |c 367630  |d 367628 
020 |a 9789563468472 
040 |c Pontificia Universidad Católica de Valparaíso 
082 0 4 |a 346.83 CHI 2017  |2 21 
110 1 |a Chile  |9 890760 
245 1 0 |a Código Civil: anotaciones y concordancias, índice temático, títulos de artículos del cuerpo del código y de las normas del apéndice 
250 |a Decimoséptima edición.  |b Actualizada al 9 de enero de 2017. 
260 |a Santiago, Chile:  |b Legal Publishing,  |c 2017 
300 |a 1218 páginas 
490 0 |a Colección 2017 
505 |a Mensaje del Ejecutivo al Congreso proponiendo la aprobación del Código Civil -D.F.L. N.º 1, del Ministerio de Justicia. Fija texto refundido, coordinado y sistematizado del Código Civil -Título Preliminar. -Libro Primero. De las personas -Libro Segundo. De los bienes, y de su dominio, posesión, uso y goce -Libro Tercero. De la sucesión por la causa de muerte, y de las donaciones entre vivos -Libro Cuarto. De las obligaciones en general y de los contratos Apéndice: -Ley sobre el Efecto Retroactivo de las Leyes. (D.O. de 7 de octubre de 1861) -Ley N.º 19.947. Establece nueva Ley de Matrimonio Civil. (D.O. de 17 de mayo de 2004) -Ley N.º 20.830. Crea el Acuerdo de Unión Civil. (D.O. de 21 de abril de 2015) -Ley N.º 19.477. Aprueba Ley Orgánica del Servicio de Registro Civil e Identificación. (D.O. de 19 de octubre de 1996) -Ley N.º 4.808, sobre el Registro Civil (texto refundido, coordinado y sistematizado por D.F.L. N.º 1 de 2000, D.O. de 30 de mayo de 2000) -Ley N.º 17.344. Autoriza el Cambio de Nombres y Apellidos en los casos que indica. Modifica Ley N.º 4,808, sobre Registro Civil (texto refundido, coordinado y sistematizado por D.F.L. N.º 1, D.O. de 30 de mayo de 2000) -Ley N.º 19.620. Dicta Normas sobre Adopción de Menores (D.O. de 5 de agosto de 1999) -Ley N.º 16.665. Reconstitución de Inscripciones en Registro de Conservadores de Bienes Raíces. Deroga Ley N.º 15.567. (D.O. de 8 de septiembre de 1967) -Ley N.º 19.537, sobre Copropiedad Inmobiliaria. (D.O. de 16 de diciembre de 1997) -Ley N.º 17.336. Propiedad Intelectual (D.O. de 2 de octubre de 1970) -Ley N.º 18.101. Fija Normas Especiales sobre Arrendamiento de Predios Urbanos. (D.O. de 29 de enero de 1982) -Ley N.º 19.281. Establece Normas sobre Arrendamiento de Viviendas con Promesa de Compraventa. (D.O. de 27 de diciembre de 1993) -Ley N.º 20.190 (artículo 14). Dicta Normas sobre Prenda sin Desplazamiento y crea el Registro de Prendas sin desplazamiento. (D.O. de 5 de junio de 2007) -Ley N.º 18.010. Establece Normas para las Operaciones de Crédito y otras Obligaciones de Dinero que indica. (D.O. de 27 de junio de 1981) -Ley N.º 19.799. Sobre Documentos Electrónicos, Firma Electrónica y Servicios de Certificación de dicha Firma. (D.O. de 12 de abril de 2002) -Ley N.º 19.253. Establece Normas sobre Protección, Fomento y Desarrollo de los Indígenas, y crea la Corporación Nacional de Desarrollo Indígena. (D.O. de 5 de octubre de 1993) 
583 |a last modification  |c 20170331 00:58:00  |k Rodrigo Vera 
650 1 0 |a Código civil chileno  |9 255931 
650 1 |a Derecho civil chileno  |9 320612 
650 1 |a Derecho de familia  |z Chile  |9 868790 
650 1 |a Derecho de bienes  |z Chile  |9 890479 
650 1 |a Derecho sucesorio  |z Chile  |9 890480 
650 1 |a Derecho de las obligaciones  |z Chile  |9 890482 
700 |a Barrientos Grandón, Javier Orlando  |e director  |9 890771 
942 |c BK  |2 ddc 
945 |d 20170331 00:58:00  |a arojas 
952 |0 0  |1 0  |3 erb  |4 0  |6 346_830000000000000_CHI_2017  |7 0  |8 R  |9 482625  |a BIBDER  |b BIBDER  |i 537135K  |l 4  |o 346.83 CHI 2017  |p 537135K  |r 2024-09-05  |s 2024-09-05  |w 2019-11-24  |y BK_R  |z Catalogado en:20170331  |k DER